000 00780nam a2200265 i 4500
001 C2-0267224
003 PPAK
005 20180727234507.0
008 050912s2005 my a|||| ||||| | may d
020 _a9832492378 ; 9789832492375
040 _aPPAK
_beng
_cPPAK
_erda
082 0 4 _a297.27
_223
090 0 0 _a297.27
_bASA
_dG
090 0 0 _a297.27
_bASA
_dKMI
100 0 _aAsaari Mohamad,
_eauthor
245 1 0 _aTsunami pembawa mesej dari tuhan
264 1 _aRawang, Selangor :
_bPenerbitan Minda Ikhwan ,
_c2005
300 _avii, 136 pages :
_billustrations ;
_c21 cm
336 _2rdacontent
_atext
337 _2rdamedia
_aunmediated
338 _2rdacarrier
_avolume
650 1 0 _aNatural disasters - Religious aspects - Islam.
700 _eauthor
942 _ddc
_cB
999 _c76236
_d76236